000 00345nam a2200133Ia 4500
008 240624s9999 xx 000 0 und d
041 _aeng
082 _a515 AND
100 _aANDREWS
245 _aINTEGRAL TRANSFORMS FOR ENGINEERS
260 _c2008
_aNew Delhi
_bPrentice-Hall of India
300 _aix, : 353 : p. : 24 : cm.
365 _cRS
_b36
999 _c9474
_d9474